000 01208cam a22002651i 4500
003 SA-RiAUC
005 20250206083050.0
008 250204s2001 sy g 000 0 ara c
040 _aSA-JeALM
_bara
_cSA-RiAUC
_erda
050 1 4 _b.N326 2001
082 0 4 _a233
_qSA-RiAUC
090 _a233
_b ن د و
100 1 _aالندوي، محمد الرابع الحسني
_bالرابع،
_d1929-
_eمؤلف.
245 1 0 _aبغية المتابع لأسانيد العلامة الشريف محمد الرابع /
_bثبت العلامة الكبير الشريف محمد الرابع الحسني الندوي رئيس ندوة العلماء
_cمحمد الندوي ؛ خرجه وعلق عليه محمد أكرم الندوي.
250 _aالطبعة الأولى.
264 1 _aدمشق :
_bدار القلم،
_c2001
300 _a111 صفحة ؛
_c24 سم
336 _aنص
_btxt
_2rdacontent
_3كتاب
337 _aبدون وسيط
_bn
_2rdamedia
338 _aمجلد
_bnc
_2rdacarrier
650 7 _aالحديث
_xرواية
_2aucsh
700 1 _aالندوي، محمد أكرم،
_d1964-
_eمخرج أحاديث.
942 _2ddc
_cBOOK
_n0
949 _aSA-JeALM
_d250204
_uosman123
_n1
999 _c5679
_d5679